Вітрильники, кораблі, підводні човни (Запис № 17247)

000 -Маркер запису
Контрольне поле сталої довжини 02704nam a22002537a 4500
003 - Належність контрольного номера
Контрольне поле Uzh_bibl
008 - Кодовані дані
Контрольне поле сталої довжини 260402b |||||||| |||| 00| 0 ukr d
020 ## - Індекс ISBN
ISBN 978-966-7991-18-0
Ціна 82.00
040 ## - Джерело каталогіз.
Код мови каталог. укр.
041 ## - Код мови видання
Код мови оригіналу українська
Код мови тексту українська
080 ## - Індекс УДК
Індекс УДК 629.5
090 ## - Шифри
Поличний індекс 629.5
Авторський знак В 57
100 ## - Автор
Автор
245 ## - Назва
Назва Вітрильники, кораблі, підводні човни
Відповідальність авт.-упоряд. І.В.Гончаренко
Фізичний носій Текст
260 ## - Вихідні дані
Місце видання Харків
Видавництво Промінь
Дата видання 2005
300 ## - Фізичний опис
Обсяг 64 с.
Ілл./тип відтвор. іл.
Тип одиниці В опр.
520 ## - Анотація
Анотація Книга буде цікавою як для дітей молодшого, так і старшого шкільного віку. Її мета - розширити кругозір дитини, розвинути у неї допитливість, дати відповіді на питання з історії та розвитку суднобудування. Ця книга розповість коротку, але захоплюючу історію від перших видовблених човнів до потужних кораблів, про народження перших навігаційних пристосувань, які допомагали древнім мореплавцям долати водні простори. Ти дізнаєшся про творців перших підводних човнів, які крок за кроком наближали людство до розкриття багатьох таємниць підводного царства, познайомишся з історією народження першого в світі пароплава і залізного судна. Сторінки книги розкажуть про типи військових, вантажних науково - дослідницьких сучасних суден і про те, чому лайнери іноді називають плавучими будинками відпочинку, а траулери - плавучими заводами, і чому криголами здатні долати пакові льоди. Ти не тільки прочитаєш про різні типи суден різних часів, а й побачиш їх на кольорових малюнках.
521 ## - Примітка про цільове призначення
Примітка про цільове призначення Для дітей молодшого, так і старшого шкільного віку
546 ## - Примітка про мову
Примітка про мову укр.
650 ## - Тематичні рубрики
Основна рубрика Науково-популярне видання
653 ## - Ключові слова
Ключові слова Військові судна
-- Криголами
-- Суднобудування
655 ## - Термін індексування — жанр/форма
Жанр/форма Дитяча література
942 ## - ADDED ENTRY ELEMENTS (KOHA)
Джерело класифікації чи схема поличного розташування
Koha item type Книги
Фонди
Статус вилучення Статус втрати/відсутності Джерело класифікації чи схема поличного розташування Статус пошкодження Тип обігу (не для випозичання) Постійне розташування Поточне розташування Розташування у відділі Дата надходження Джерело надходження (постачальник) Інвентарний номер Повний (примірниковий) шифр зберігання Штрих-код Date last seen Дата, для якої чинна ціна заміни Тип одиниці (рівень примірника)
          Бібліотека-філія № 1 для дітей Бібліотека-філія № 1 для дітей Читальна зала молодший відділ 18/03/2026 Подаровані 80823 629.5 19289 02/04/2026 26/03/2026 Книги

Працює на АБІС Коха